[Event "HEM A-Turnier"]
[Site "Marburg"]
[Date "2017.??.??"]
[Round "5.2"]
[White "Tornay Gomez, Josu"]
[Black "Reschke, Thomas"]
[Result "0-1"]
[WhiteElo "2105"]
[BlackElo "2118"]
[PlyCount "48"]
[EventDate "2017.??.??"]

1. e4 g6 2. Nc3 c6 3. Bc4 d6 4. d4 Bg7 5. Nf3 Nf6 6. e5 dxe5 7. Nxe5 O-O 8. O-O
Nbd7 9. f4 Qc7 10. a4 b6 11. Qe1 e6 12. f5 gxf5 13. Qg3 Nxe5 14. dxe5 Ng4 15.
Bf4 Nxe5 16. Bh6 f6 17. Rxf5 Kh8 18. Rxe5 Bxh6 19. Qh4 Qxe5 20. Qxh6 Bb7 21.
Bd3 f5 22. Ne2 c5 23. Nf4 Qf6 24. Qh3 Qd4+ 0-1

[Event "HEM A-Turnier"]
[Site "Marburg"]
[Date "2017.??.??"]
[Round "5.3"]
[White "Rolf, Marco"]
[Black "Goloborodko, Dimitri"]
[Result "1/2-1/2"]
[WhiteElo "2067"]
[BlackElo "2090"]
[PlyCount "40"]
[EventDate "2017.??.??"]

1. d4 d5 2. c4 c6 3. Nf3 Nf6 4. Nc3 dxc4 5. a4 Bf5 6. e3 e6 7. Bxc4 Bb4 8. O-O
O-O 9. Qe2 Nbd7 10. e4 Bg6 11. Bd3 Re8 12. e5 Nd5 13. Bxg6 hxg6 14. Ne4 Be7 15.
Nfg5 Nf8 16. f4 f6 17. exf6 gxf6 18. Nf3 Qc7 19. g3 a5 20. Be3 Nd7 1/2-1/2

[Event "HEM A-Turnier"]
[Site "Marburg"]
[Date "2017.??.??"]
[Round "5.4"]
[White "Feicht, Arno"]
[Black "Sadeghi, Behrang"]
[Result "0-1"]
[WhiteElo "2038"]
[BlackElo "2283"]
[PlyCount "86"]
[EventDate "2017.??.??"]

1. e4 g6 2. d4 Bg7 3. Nc3 d6 4. Bg5 c6 5. Qd2 b5 6. f4 b4 7. Nd1 Qb6 8. c3 a5
9. Ne3 Ba6 10. Nf3 Bxf1 11. Rxf1 Nf6 12. Bxf6 exf6 13. Nc4 bxc3 14. bxc3 Qc7
15. Rb1 Nd7 16. Kf2 O-O 17. Rfe1 d5 18. exd5 cxd5 19. Ne3 Qc6 20. Rec1 Nb6 21.
Ne1 Rfe8 22. Rb2 Rxe3 23. Rxb6 Qxb6 24. Qxe3 Qb5 25. Qd3 Qa4 26. Rc2 Rc8 27. g3
Re8 28. Ng2 f5 29. Rb2 Qa3 30. Qc2 Rc8 31. Rb3 Bxd4+ 32. Kf3 Qe7 33. h3 Rxc3+
34. Rxc3 Qe4+ 35. Qxe4 fxe4+ 36. Ke2 Bxc3 37. Ke3 f5 38. g4 d4+ 39. Ke2 Kf7 40.
Nh4 Ke6 41. gxf5+ gxf5 42. Ng2 Bb4 43. a4 Be7 0-1

[Event "HEM A-Turnier"]
[Site "Marburg"]
[Date "2017.??.??"]
[Round "5.5"]
[White "Lesny, Florian"]
[Black "Nekhamkis, Genadi"]
[Result "0-1"]
[WhiteElo "2043"]
[BlackElo "2121"]
[PlyCount "116"]
[EventDate "2017.??.??"]

1. e4 d5 2. exd5 Nf6 3. d4 Bg4 4. Be2 Bxe2 5. Qxe2 Qxd5 6. Nf3 Nc6 7. c4 Qf5 8.
O-O e6 9. Nc3 O-O-O 10. Rd1 h6 11. a3 g5 12. Be3 Ne4 13. Nxe4 Qxe4 14. Qd3 Qxd3
15. Rxd3 g4 16. Ne1 Bg7 17. Rad1 Rd7 18. b4 Rhd8 19. d5 Ne5 20. Rd4 exd5 21.
cxd5 f5 22. Rc1 Kb8 23. Rcd1 Ng6 24. R4d3 Ne7 25. d6 Rxd6 26. Bf4 Rxd3 27. Rxd3
Rxd3 28. Nxd3 Nd5 29. Bd2 b6 30. Kf1 Kb7 31. Ke2 Kc6 32. Kd1 Kb5 33. Kc2 a5 34.
Kb3 a4+ 35. Kc2 c5 36. bxc5 bxc5 37. Nf4 Nxf4 38. Bxf4 Kc4 39. f3 h5 40. h3 Kd5
41. hxg4 hxg4 42. fxg4 fxg4 43. Be3 Bd4 44. Bg5 Ke4 45. Bh6 c4 46. Bg5 Bc5 47.
Bc1 Kd4 48. Bb2+ Ke3 49. Bc1+ Ke2 50. Kc3 Be3 51. Bb2 Kf2 52. Kxc4 Kxg2 53. Be5
Kf3 54. Kb4 Bf4 55. Bd4 g3 56. Kxa4 Be3 57. Be5 g2 58. Bh2 Kg4 0-1

[Event "HEM A-Turnier"]
[Site "Marburg"]
[Date "2017.??.??"]
[Round "5.6"]
[White "Muth, Andreas"]
[Black "Ries, Jutta"]
[Result "0-1"]
[WhiteElo "2037"]
[BlackElo "1983"]
[PlyCount "80"]
[EventDate "2017.??.??"]

1. d4 Nf6 2. Nf3 c5 3. d5 b5 4. a4 b4 5. c4 g6 6. Qc2 Bg7 7. e4 d6 8. Be2 O-O
9. O-O Nbd7 10. h3 Nb6 11. Bf4 Bd7 12. Nbd2 Nh5 13. Bh2 Nxa4 14. Rxa4 Bxa4 15.
Qxa4 Bxb2 16. e5 Re8 17. Ne4 f6 18. exd6 exd6 19. Qc2 Be5 20. Nxe5 fxe5 21.
Bxh5 gxh5 22. Qe2 a5 23. Qxh5 Ra7 24. Bg3 Rf8 25. Qh6 Rd7 26. Bh4 Qe8 27. Ra1
Qg6 28. Qxg6+ hxg6 29. Rxa5 Rb7 30. Nxd6 Rb6 31. Nb5 Rf4 32. Bd8 Rb7 33. d6 b3
34. Ra3 b2 35. Rb3 Rxc4 36. Rxb2 Rb4 37. Rxb4 cxb4 38. Bc7 Rxb5 39. d7 Rd5 40.
Ba5 b3 0-1

[Event "HEM A-Turnier"]
[Site "Marburg"]
[Date "2017.??.??"]
[Round "5.7"]
[White "Bluebaum, Johanna"]
[Black "Montermann, Klaus"]
[Result "0-1"]
[WhiteElo "1977"]
[BlackElo "2068"]
[PlyCount "91"]
[EventDate "2017.??.??"]

1. d4 d5 2. c4 e5 3. dxe5 d4 4. Nf3 Nc6 5. Bf4 Nge7 6. Nbd2 Ng6 7. Bg3 h5 8. h3
h4 9. Bh2 Rh5 10. Nxd4 Qxd4 11. e3 Rxe5 12. Bxe5 Qxe5 13. Qb3 Bd7 14. a3 Na5
15. Qc2 Bf5 16. Bd3 Bxd3 17. Qxd3 Qxb2 18. O-O Rd8 19. Qe4+ Qe5 20. Qc2 Rxd2
21. Qxd2 Nb3 22. Qd5 Nxa1 23. Qxb7 Bd6 24. Rd1 Nc2 25. Qa8+ Ke7 26. a4 Na3 27.
Rd4 f5 28. Qg8 Nf8 29. Qh8 g5 30. Qh5 Ne6 31. Rd5 Qa1+ 32. Rd1 Qc3 33. Qh7+ Ng7
34. c5 Bxc5 35. Qg6 Bd6 36. e4 Qf6 37. Qh7 Kf7 38. exf5 Qxf5 39. Qh6 Nc4 40.
Re1 Ne5 41. Qh8 Nd3 42. Re2 Nxf2 43. Qb8 Ne4 44. Qb3+ Kg6 45. Qc2 Bc5+ 46. Kh1
0-1

[Event "HEM A-Turnier"]
[Site "Marburg"]
[Date "2017.??.??"]
[Round "5.8"]
[White "Kuhn, Gerhard"]
[Black "Lukas, Anne"]
[Result "1-0"]
[WhiteElo "2023"]
[BlackElo "1822"]
[PlyCount "61"]
[EventDate "2017.??.??"]

1. e4 c5 2. c3 g6 3. d4 cxd4 4. cxd4 d5 5. exd5 Nf6 6. Bb5+ Nbd7 7. d6 exd6 8.
Nf3 Bg7 9. Qe2+ Qe7 10. Bf4 d5 11. Nc3 Qxe2+ 12. Bxe2 O-O 13. O-O Nb6 14. a4
Be6 15. a5 Nc8 16. a6 bxa6 17. Rxa6 Nb6 18. Rfa1 Nh5 19. Bc7 Rac8 20. Rxa7 Nd7
21. Nb5 Bf5 22. Nd6 Rxc7 23. Rxc7 Be6 24. Ng5 Nb6 25. Nb5 Nf4 26. Bf1 Nc4 27.
g3 Nh5 28. Raa7 Bf6 29. Nxe6 fxe6 30. Bxc4 dxc4 31. Rxc4 1-0

[Event "HEM A-Turnier"]
[Site "Marburg"]
[Date "2017.??.??"]
[Round "5.9"]
[White "Wolff, Peter"]
[Black "Maar, Samuel"]
[Result "1-0"]
[WhiteElo "1946"]
[BlackElo "1947"]
[PlyCount "81"]
[EventDate "2017.??.??"]

1. c4 Nf6 2. g3 g6 3. Bg2 Bg7 4. Nc3 O-O 5. e4 d6 6. Nge2 e5 7. d3 Nc6 8. h3
Be6 9. O-O Nd7 10. Be3 f5 11. exf5 gxf5 12. Qd2 Rf7 13. f4 e4 14. dxe4 Bxc4 15.
exf5 Bxe2 16. Nxe2 Rxf5 17. g4 Rf8 18. Ng3 Nb6 19. Nf5 Bf6 20. g5 Bg7 21. Nxg7
Kxg7 22. Qc3+ Kf7 23. Rae1 Ne7 24. Bd4 c6 25. Qc2 Ng6 26. Bf6 Qc7 27. h4 Rfe8
28. h5 Nf8 29. Be4 Kg8 30. g6 d5 31. gxh7+ Nxh7 32. Qg2+ Kf8 33. Be5 Qe7 34.
Bg6 Red8 35. Bd4 Qb4 36. Bc3 Qc5+ 37. Kh1 Rd7 38. Bxh7 Rxh7 39. Qg6 Re7 40. Bf6
Re4 41. Rg1 1-0

[Event "HEM A-Turnier"]
[Site "Marburg"]
[Date "2017.??.??"]
[Round "5.10"]
[White "Bethke, Robert"]
[Black "Henrich, David"]
[Result "0-1"]
[WhiteElo "1912"]
[BlackElo "2153"]
[PlyCount "106"]
[EventDate "2017.??.??"]

1. c4 d6 2. Nc3 g6 3. d4 Bg7 4. Nf3 Nf6 5. e4 O-O 6. Be3 Ng4 7. Bd3 Nxe3 8.
fxe3 c5 9. O-O Nc6 10. d5 Ne5 11. Nxe5 Bxe5 12. Qb3 e6 13. Ne2 exd5 14. exd5
Qh4 15. g3 Qg5 16. Nf4 h5 17. Qc2 Kg7 18. Rf2 Bd7 19. Raf1 Rae8 20. Kh1 Qh6 21.
a3 Bxf4 22. exf4 Bh3 23. Rg1 f5 24. Bf1 Bg4 25. Qc3+ Kg8 26. h3 h4 27. gxh4
Qxh4 28. Qg3 Qxg3 29. Rxg3 Bh5 30. Bd3 Re1+ 31. Kh2 Kf7 32. b4 b6 33. bxc5 bxc5
34. Rb2 Rfe8 35. Rg5 Rh8 36. Rg3 Rhe8 37. Rbg2 R8e3 38. Bxf5 gxf5 39. Rg7+ Ke8
40. Rxa7 R1e2 41. a4 Bf3 42. Rxe2 Bxe2 43. Ra8+ Kd7 44. Ra7+ Kc8 45. Ra8+ Kb7
46. Rd8 Kc7 47. Rf8 Bxc4 48. Rxf5 Rd3 49. a5 Bxd5 50. Kg1 Be6 51. Rf6 Bxh3 52.
Kf2 c4 53. Ke2 Bg4+ 0-1

[Event "HEM A-Turnier"]
[Site "Marburg"]
[Date "2017.??.??"]
[Round "5.11"]
[White "Laschenko, Sergej"]
[Black "Kobs, Stephan"]
[Result "1/2-1/2"]
[WhiteElo "1934"]
[BlackElo "1936"]
[PlyCount "38"]
[EventDate "2017.??.??"]

1. Nf3 Nf6 2. g3 g6 3. Bg2 Bg7 4. O-O O-O 5. d4 d6 6. c4 c5 7. Nc3 Nc6 8. d5
Na5 9. Qd3 e6 10. dxe6 Bxe6 11. Nd2 Nc6 12. e4 Nd4 13. b3 Ng4 14. f4 Ne2+ 15.
Qxe2 Bxc3 16. Rb1 Bd4+ 17. Kh1 Ne3 18. Re1 Nc2 19. Rd1 Ne3 1/2-1/2

[Event "HEM A-Turnier"]
[Site "Marburg"]
[Date "2017.??.??"]
[Round "5.12"]
[White "Keuth, Gerd Erich"]
[Black "Hanig, Gunnar"]
[Result "1/2-1/2"]
[WhiteElo "2028"]
[BlackElo "1972"]
[PlyCount "88"]
[EventDate "2017.??.??"]

1. c4 e5 2. Nc3 Nf6 3. Nf3 d6 4. d4 exd4 5. Nxd4 b6 6. Bg5 Be7 7. Qa4+ Qd7 8.
Qc2 Nc6 9. Nxc6 Qxc6 10. e4 Bb7 11. Bd3 h6 12. Bd2 O-O 13. Nd5 Nxd5 14. exd5
Qe8 15. O-O Bf6 16. Rae1 Qd8 17. Re2 Re8 18. Rfe1 Rxe2 19. Rxe2 Bc8 20. Bf5
Bxf5 21. Qxf5 Qc8 22. Qf3 Be5 23. b3 f5 24. Bf4 Bxf4 25. Qxf4 Qf8 26. h4 Qf7
27. g3 Kf8 28. Re3 Kg8 29. Re6 Kf8 30. Re3 Kg8 31. Kg2 Rd8 32. Rf3 Rf8 33. Qe3
Qd7 34. Qd3 Rf7 35. Qe2 Kf8 36. Re3 Re7 37. Rxe7 Qxe7 38. Qf3 Qf7 39. h5 Ke7
40. Kh3 Qf6 41. Kg2 Qe5 42. Kh3 Kf6 43. Kh4 Qd4+ 44. g4 Qe5 1/2-1/2

[Event "HEM A-Turnier"]
[Site "Marburg"]
[Date "2017.??.??"]
[Round "5.13"]
[White "Diener, Carolin Valeria"]
[Black "Dios, Erwin Michael"]
[Result "1/2-1/2"]
[WhiteElo "1897"]
[BlackElo "2058"]
[PlyCount "82"]
[EventDate "2017.??.??"]

1. e4 c5 2. Nc3 Nc6 3. Bb5 g6 4. Bxc6 bxc6 5. f4 Bg7 6. Nf3 d6 7. d3 Rb8 8. O-O
e6 9. Qe1 Ne7 10. Kh1 d5 11. g4 h5 12. Qg3 hxg4 13. Qxg4 Ba6 14. Re1 c4 15. f5
cxd3 16. fxe6 d4 17. exf7+ Kf8 18. Ng5 Bc8 19. Qf4 Rb7 20. Nb1 Rb5 21. cxd3 Be5
22. Qf2 Rxh2+ 23. Qxh2 Bxh2 24. Kxh2 Qd6+ 25. Kg2 Rxg5+ 26. Bxg5 Qe6 27. Bxe7+
Qxe7 28. Na3 Qg5+ 29. Kf2 Kxf7 30. Nc4 Bg4 31. Rf1 Kg7 32. Ke1 Bh3 33. b3 Qg3+
34. Ke2 Qg2+ 35. Rf2 Bg4+ 36. Ke1 Qg1+ 37. Rf1 Qg3+ 38. Kd2 Bh3 39. Rae1 Bxf1
40. Rxf1 Qg2+ 41. Ke1 Qg3+ 1/2-1/2

[Event "HEM A-Turnier"]
[Site "Marburg"]
[Date "2017.??.??"]
[Round "6.1"]
[White "Reschke, Thomas"]
[Black "Weber, Samuel"]
[Result "1-0"]
[WhiteElo "2118"]
[BlackElo "2039"]
[PlyCount "79"]
[EventDate "2017.??.??"]

1. c4 e6 2. Nf3 Nf6 3. g3 d5 4. b3 Be7 5. Bb2 b6 6. Bg2 Bb7 7. O-O O-O 8. e3
dxc4 9. bxc4 c5 10. d3 Nc6 11. Qe2 a6 12. Nc3 Na7 13. a4 Qc7 14. Ne1 Nc6 15. f4
Rad8 16. g4 Ne8 17. g5 Nb4 18. Ne4 Bxe4 19. Bxe4 f5 20. Bg2 Rf7 21. Ra3 Bf8 22.
Nf3 Nc6 23. Rb1 Bd6 24. Bc3 Nb4 25. Ne5 Bxe5 26. Bxe5 Nd6 27. a5 bxa5 28. Rba1
Rfd7 29. Rxa5 Qc8 30. Bc3 Nb7 31. Bxb4 cxb4 32. Rxa6 Nc5 33. Ra8 Qxa8 34. Rxa8
Rxa8 35. Bxa8 Rxd3 36. Qb2 Rd1+ 37. Kg2 Nd3 38. Qe2 Ne1+ 39. Kf1 Ra1 40. Qxe1
1-0

[Event "HEM A-Turnier"]
[Site "Marburg"]
[Date "2017.??.??"]
[Round "6.2"]
[White "Sadeghi, Behrang"]
[Black "Flach, Erich"]
[Result "1-0"]
[WhiteElo "2283"]
[BlackElo "2098"]
[PlyCount "71"]
[EventDate "2017.??.??"]

1. e4 c5 2. Nf3 e6 3. c3 Nf6 4. e5 Nd5 5. d4 cxd4 6. cxd4 b6 7. Nc3 Nxc3 8.
bxc3 Qc7 9. Bd2 Bb7 10. Bd3 d6 11. O-O Nd7 12. exd6 Bxd6 13. Re1 O-O 14. h3
Rac8 15. Ng5 Nf6 16. Qe2 Qc6 17. f4 Qd5 18. a4 Bc7 19. Qf2 Rfd8 20. Re5 Qd7 21.
Ree1 Bc6 22. Nf3 Qd5 23. Ne5 Be8 24. Qh4 Rd6 25. Ng4 Nxg4 26. Qxh7+ Kf8 27.
hxg4 g6 28. Re5 Qb3 29. f5 Rxd4 30. Rxe6 Qxe6 31. fxe6 Rxd3 32. exf7 Bxf7 33.
Qh8+ Bg8 34. Qf6+ Bf7 35. Bh6+ Ke8 36. Re1+ 1-0

[Event "HEM A-Turnier"]
[Site "Marburg"]
[Date "2017.??.??"]
[Round "6.3"]
[White "Goloborodko, Dimitri"]
[Black "Nekhamkis, Genadi"]
[Result "1-0"]
[WhiteElo "2090"]
[BlackElo "2121"]
[PlyCount "57"]
[EventDate "2017.??.??"]

1. d4 f5 2. Nf3 Nf6 3. Bg5 e6 4. Nbd2 Be7 5. Bxf6 Bxf6 6. e4 fxe4 7. Nxe4 O-O
8. Bd3 Nc6 9. c3 d6 10. Qc2 h6 11. O-O-O e5 12. d5 Ne7 13. h3 c6 14. dxc6 bxc6
15. Nxd6 Be6 16. Bh7+ Kh8 17. Nf7+ Bxf7 18. Rxd8 Rfxd8 19. Be4 Rd6 20. Rd1 Rad8
21. Rxd6 Rxd6 22. Qa4 Nd5 23. g3 Be6 24. h4 Nc7 25. Qxa7 Bd8 26. Nxe5 Nb5 27.
Qa8 g5 28. hxg5 hxg5 29. Nxc6 1-0

[Event "HEM A-Turnier"]
[Site "Marburg"]
[Date "2017.??.??"]
[Round "6.4"]
[White "Ries, Jutta"]
[Black "Tornay Gomez, Josu"]
[Result "1/2-1/2"]
[WhiteElo "1983"]
[BlackElo "2105"]
[PlyCount "92"]
[EventDate "2017.??.??"]

1. f4 Nf6 2. Nf3 g6 3. b3 Bg7 4. Bb2 O-O 5. e3 d6 6. Be2 c5 7. O-O Nc6 8. Na3
e5 9. fxe5 Ng4 10. Nc4 Ngxe5 11. Nfxe5 dxe5 12. Bf3 Bd7 13. Rf2 Qe7 14. d3 b5
15. Nd2 Rac8 16. a4 a6 17. Nf1 f5 18. e4 f4 19. Bg4 Ra8 20. Bxd7 Qxd7 21. Nd2
Nd4 22. Ba3 Rfc8 23. Bb2 h5 24. Nf3 Qe7 25. Kh1 Rd8 26. Bc3 Rdb8 27. Qe1 g5 28.
b4 g4 29. Ng1 Bf6 30. Bxd4 cxd4 31. Re2 Bh4 32. g3 f3 33. Rf2 Bg5 34. Nxf3 gxf3
35. Rxf3 Rf8 36. Qe2 Rxf3 37. Qxf3 Qf7 38. Qxf7+ Kxf7 39. axb5 Be7 40. Ra4 Ke8
41. bxa6 Kd7 42. Ra5 Ke6 43. b5 Bc5 44. Kg2 Kd6 45. Ra1 Bb6 46. Rf1 Rc8 1/2-1/2

[Event "HEM A-Turnier"]
[Site "Marburg"]
[Date "2017.??.??"]
[Round "6.5"]
[White "Montermann, Klaus"]
[Black "Rolf, Marco"]
[Result "0-1"]
[WhiteElo "2068"]
[BlackElo "2067"]
[PlyCount "50"]
[EventDate "2017.??.??"]

1. d4 d5 2. e4 e6 3. Nc3 Nf6 4. exd5 exd5 5. Nf3 c6 6. Bd3 Bd6 7. Bg5 h6 8.
Qe2+ Be6 9. Bh4 O-O 10. Ne5 Nbd7 11. f4 c5 12. dxc5 Nxc5 13. O-O-O Qa5 14. h3
d4 15. Nb5 Qxa2 16. Nxd6 Qa1+ 17. Kd2 Qa5+ 18. c3 dxc3+ 19. bxc3 Rad8 20. Ke1
Qxc3+ 21. Kf1 Qb4 22. Nec4 Nxd3 23. Bxf6 Nxf4 24. Bxd8 Nxe2 25. Ba5 Qc5 0-1

[Event "HEM A-Turnier"]
[Site "Marburg"]
[Date "2017.??.??"]
[Round "6.6"]
[White "Wolff, Peter"]
[Black "Kuhn, Gerhard"]
[Result "1/2-1/2"]
[WhiteElo "1946"]
[BlackElo "2023"]
[PlyCount "30"]
[EventDate "2017.??.??"]

1. c4 Nf6 2. g3 g6 3. Bg2 d5 4. cxd5 Nxd5 5. Nc3 Nb6 6. Nf3 Bg7 7. d3 c6 8. Be3
Na6 9. Qd2 Nb4 10. a3 N4d5 11. Nxd5 Nxd5 12. Bh6 O-O 13. h4 f6 14. O-O Be6 15.
Bxg7 Kxg7 1/2-1/2

[Event "HEM A-Turnier"]
[Site "Marburg"]
[Date "2017.??.??"]
[Round "6.7"]
[White "Henrich, David"]
[Black "Lesny, Florian"]
[Result "1-0"]
[WhiteElo "2153"]
[BlackElo "2043"]
[PlyCount "33"]
[EventDate "2017.??.??"]

1. c4 c5 2. g3 g6 3. Bg2 Bg7 4. Nc3 Nc6 5. Rb1 d6 6. a3 e6 7. b4 cxb4 8. axb4
Nf6 9. e3 O-O 10. d4 Rb8 11. Ba3 Re8 12. Nge2 Qd7 13. Qa4 a6 14. b5 axb5 15.
cxb5 Ne7 16. Qa7 Qc7 17. b6 1-0

[Event "HEM A-Turnier"]
[Site "Marburg"]
[Date "2017.??.??"]
[Round "6.8"]
[White "Muth, Andreas"]
[Black "Feicht, Arno"]
[Result "1-0"]
[WhiteElo "2037"]
[BlackElo "2038"]
[PlyCount "61"]
[EventDate "2017.??.??"]

1. d4 f5 2. c4 Nf6 3. e3 g6 4. Nc3 Bg7 5. g3 O-O 6. Bg2 c6 7. d5 Qe8 8. Nge2 d6
9. O-O e5 10. dxe6 Qe7 11. b3 Bxe6 12. Ba3 Rd8 13. Qc2 a5 14. Rad1 Na6 15. Rd2
Rac8 16. Rfd1 Ne8 17. Bb2 b5 18. cxb5 cxb5 19. Qb1 Rc5 20. Nd4 Nac7 21. Nc6 Qd7
22. Nxd8 Qxd8 23. Nd5 Bxd5 24. Bxd5+ Kh8 25. Bxg7+ Kxg7 26. Qb2+ Nf6 27. Bg2 d5
28. Qe5 Kh6 29. a3 Ng4 30. Qf4+ Kg7 31. Qd4+ 1-0

[Event "HEM A-Turnier"]
[Site "Marburg"]
[Date "2017.??.??"]
[Round "6.9"]
[White "Kobs, Stephan"]
[Black "Bluebaum, Johanna"]
[Result "1/2-1/2"]
[WhiteElo "1936"]
[BlackElo "1977"]
[PlyCount "50"]
[EventDate "2017.??.??"]

1. e4 e6 2. d4 d5 3. Nc3 Nf6 4. Bg5 dxe4 5. Nxe4 Be7 6. Bxf6 Bxf6 7. Nxf6+ Qxf6
8. Nf3 O-O 9. Bd3 Nd7 10. O-O e5 11. dxe5 Nxe5 12. Nxe5 Qxe5 13. c3 Qg5 14. Qf3
c6 15. Rfe1 Be6 16. Qe3 Qf6 17. Qe4 g6 18. Bc4 Rfe8 19. Rad1 Bxc4 20. Qxc4
Rxe1+ 21. Rxe1 Rd8 22. Qe2 Qf4 23. Rd1 Rxd1+ 24. Qxd1 Qc4 25. a3 Qe6 1/2-1/2

[Event "HEM A-Turnier"]
[Site "Marburg"]
[Date "2017.??.??"]
[Round "6.10"]
[White "Lukas, Anne"]
[Black "Laschenko, Sergej"]
[Result "1-0"]
[WhiteElo "1822"]
[BlackElo "1934"]
[PlyCount "89"]
[EventDate "2017.??.??"]

1. d4 Nf6 2. Bg5 d5 3. c4 e6 4. Nc3 Be7 5. Nf3 O-O 6. e3 c6 7. Qc2 a6 8. Bd3 g6
9. h4 dxc4 10. Bxc4 Nd5 11. Bxe7 Qxe7 12. Bd3 Nb4 13. Qd2 Nxd3+ 14. Qxd3 c5 15.
Ne4 Rd8 16. Qa3 b6 17. dxc5 Bb7 18. Ned2 bxc5 19. h5 Nd7 20. hxg6 hxg6 21. Rc1
Kg7 22. Qb3 Rab8 23. e4 e5 24. Qe3 Rh8 25. Ke2 a5 26. Nc4 Ba6 27. Rxh8 Rxh8 28.
Qc3 Rb8 29. b3 a4 30. Rh1 f6 31. Qc1 g5 32. Nfd2 axb3 33. axb3 Qe6 34. f3 Rxb3
35. Kf2 Bxc4 36. Nxc4 Qa6 37. Ne3 Qa2+ 38. Kg3 Rd3 39. Nf5+ Kf7 40. Rh7+ Ke8
41. Rh8+ Nf8 42. Qxc5 Qf7 43. Qc8+ Rd8 44. Nd6+ Ke7 45. Qxd8+ 1-0

[Event "HEM A-Turnier"]
[Site "Marburg"]
[Date "2017.??.??"]
[Round "6.11"]
[White "Dios, Erwin Michael"]
[Black "Maar, Samuel"]
[Result "1-0"]
[WhiteElo "2058"]
[BlackElo "1947"]
[PlyCount "131"]
[EventDate "2017.??.??"]

1. g3 Nf6 2. Bg2 g6 3. c4 Bg7 4. Nf3 O-O 5. d4 d6 6. O-O Nbd7 7. Nc3 c5 8. d5
a6 9. h3 Rb8 10. a4 Nb6 11. Qd3 e6 12. a5 Na8 13. dxe6 fxe6 14. Rd1 b5 15. cxb5
axb5 16. Qxd6 Qxd6 17. Rxd6 b4 18. Na4 Ne4 19. Rd1 Ba6 20. Nd2 Nc3 21. bxc3
bxc3 22. Nxc3 Bxc3 23. Ra3 Bb4 24. Re3 Rfd8 25. Rxe6 Nc7 26. Rb6 Bxa5 27. Rxb8
Rxb8 28. Ne4 Rb1 29. Kh2 Ne6 30. Rd6 Rb6 31. Rd7 Nf8 32. Rc7 c4 33. Bh6 g5 34.
Bxg5 Rg6 35. Ra7 c3 36. Be3 c2 37. Nc5 Bb6 38. Rxa6 Bxc5 39. Rxg6+ hxg6 40. Bc1
Bxf2 41. Be4 Ne6 42. Bxc2 Nd4 43. Bd3 Kf7 44. Bd2 Kf6 45. Kg2 Nb3 46. Kxf2 Nxd2
47. h4 Nb3 48. g4 Nc5 49. g5+ Kg7 50. Kf3 Nd7 51. Kf4 Kf7 52. Ke4 Ke6 53. Bc4+
Kd6 54. Kf4 Ne5 55. Bd3 Ke6 56. Bc2 Kd6 57. Ba4 Ke6 58. Be8 Kd6 59. h5 gxh5 60.
Bxh5 Ke6 61. Bg4+ Kd6 62. Kf5 Nf7 63. Bh5 Nd8 64. Kf6 Ne6 65. g6 Nf4 66. Bf3
1-0

[Event "HEM A-Turnier"]
[Site "Marburg"]
[Date "2017.??.??"]
[Round "6.12"]
[White "Hanig, Gunnar"]
[Black "Bethke, Robert"]
[Result "1-0"]
[WhiteElo "1972"]
[BlackElo "1912"]
[PlyCount "57"]
[EventDate "2017.??.??"]

1. Nf3 c5 2. b3 Nf6 3. Bb2 g6 4. c4 Bg7 5. e3 O-O 6. d4 cxd4 7. exd4 d5 8. Be2
e6 9. O-O b6 10. Na3 Bb7 11. Nc2 Nbd7 12. Rc1 Rc8 13. Re1 h6 14. Bd3 Kh7 15.
Ne5 Nxe5 16. dxe5 Nd7 17. Ba3 Nc5 18. Bxc5 Rxc5 19. f4 dxc4 20. Bxc4 Qa8 21.
Qe2 f6 22. Nd4 fxe5 23. Nxe6 exf4 24. Nxf8+ Qxf8 25. Qe8 Rg5 26. Qxf8 Rxg2+ 27.
Kf1 Bxf8 28. Ba6 Bf3 29. Rc7+ 1-0

[Event "HEM A-Turnier"]
[Site "Marburg"]
[Date "2017.??.??"]
[Round "6.13"]
[White "Keuth, Gerd Erich"]
[Black "Diener, Carolin Valeria"]
[Result "0-1"]
[WhiteElo "2028"]
[BlackElo "1897"]
[PlyCount "174"]
[EventDate "2017.??.??"]

1. c4 e5 2. Nc3 Nf6 3. Nf3 Nc6 4. e3 Bb4 5. Qc2 O-O 6. Nd5 d6 7. a3 Bc5 8. b4
Bb6 9. Nxb6 axb6 10. Bb2 Ng4 11. h3 Nh6 12. g4 f5 13. g5 Nf7 14. h4 e4 15. Nd4
Nfe5 16. O-O-O Nxd4 17. exd4 Ng4 18. d3 e3 19. Re1 Nxf2 20. Rg1 f4 21. d5 Ng4
22. Bh3 Ne5 23. Bxc8 Qxc8 24. Bxe5 dxe5 25. Kb2 Qh3 26. Rh1 Qg4 27. Reg1 Qf5
28. Re1 Rae8 29. Rhf1 Qg6 30. Qe2 e4 31. d4 Qd6 32. Kb3 Re7 33. c5 bxc5 34.
bxc5 Qxd5+ 35. Qc4 c6 36. Re2 g6 37. Kc3 Kg7 38. Qxd5 cxd5 39. a4 Ref7 40. a5
f3 41. Rxe3 Rf4 42. Kd2 Rxh4 43. Rb3 Rf7 44. Rf2 Rg4 45. a6 bxa6 46. c6 Rg1 47.
Rc3 Rc7 48. Rc5 Rxg5 49. Ke3 Rf5 50. Rb2 g5 51. Rb7 Rff7 52. Rxd5 Rxc6 53.
Rxg5+ Rg6 54. Rxf7+ Kxf7 55. Re5 Re6 56. Ra5 Rf6 57. Kf2 Kg6 58. Re5 Rf4 59. d5
Rf5 60. Rxe4 Rxd5 61. Kxf3 Rf5+ 62. Kg3 a5 63. Ra4 Rb5 64. Rc4 Rb3+ 65. Kg2 Ra3
66. Rc5 Ra2+ 67. Kg3 Ra1 68. Rc6+ Kg5 69. Rc5+ Kg6 70. Rc6+ Kf5 71. Rh6 Ke4 72.
Rxh7 Kd3 73. Ra7 a4 74. Ra8 a3 75. Kg2 Kc2 76. Ra7 Ra2 77. Kg1 Kb2 78. Ra8 Ra1+
79. Kg2 Rc1 80. Rb8+ Ka1 81. Rb3 a2 82. Rb8 Rc2+ 83. Kg1 Rb2 84. Rf8 Rb1+ 85.
Kg2 Kb2 86. Rf2+ Kb3 87. Rf3+ Kc4 0-1

[Event "HEM A-Turnier"]
[Site "Marburg"]
[Date "2017.??.??"]
[Round "7.1"]
[White "Goloborodko, Dimitri"]
[Black "Reschke, Thomas"]
[Result "1/2-1/2"]
[WhiteElo "2090"]
[BlackElo "2118"]
[PlyCount "52"]
[EventDate "2017.??.??"]

1. d4 g6 2. c4 Bg7 3. Nf3 d6 4. g3 Nd7 5. Bg2 e5 6. Nc3 Ne7 7. O-O O-O 8. e4
exd4 9. Nxd4 Nc6 10. Nde2 Nde5 11. b3 f5 12. f4 Ng4 13. exf5 Bxf5 14. h3 Nf6
15. g4 Bd7 16. Bb2 Qe7 17. Nd5 Nxd5 18. Bxd5+ Kh8 19. Bxg7+ Qxg7 20. Qd2 Rae8
21. Rae1 b6 22. Kh2 a5 23. a3 Ne7 24. Bg2 Nc6 25. b4 axb4 26. axb4 Re7 1/2-1/2

[Event "HEM A-Turnier"]
[Site "Marburg"]
[Date "2017.??.??"]
[Round "7.2"]
[White "Weber, Samuel"]
[Black "Sadeghi, Behrang"]
[Result "0-1"]
[WhiteElo "2039"]
[BlackElo "2283"]
[PlyCount "136"]
[EventDate "2017.??.??"]

1. e4 c6 2. d3 d5 3. Nd2 e5 4. Ngf3 Bd6 5. g3 Nf6 6. Bg2 O-O 7. O-O Re8 8. h3
Nbd7 9. b3 a5 10. a4 Nf8 11. Bb2 Ng6 12. Re1 dxe4 13. Nxe4 Nxe4 14. dxe4 Qc7
15. Nd2 Be6 16. Nf1 Rad8 17. Qe2 Bb4 18. Red1 f6 19. Ne3 Rxd1+ 20. Rxd1 Rd8 21.
Rd3 Rxd3 22. Qxd3 Qd6 23. Qxd6 Bxd6 24. Bf1 Kf8 25. Bc3 b6 26. Kg2 Bc5 27. Bc4
Bd7 28. Bd2 Ne7 29. f4 exf4 30. gxf4 Bd6 31. Nd1 Ng6 32. Kg3 h5 33. h4 Ne7 34.
Bc3 Ng6 35. Bd2 Ne7 36. Be2 Be8 37. Be3 g5 38. hxg5 fxg5 39. e5 Nf5+ 40. Kf2
Nxe3 41. Nxe3 gxf4 42. Nc4 Bc5+ 43. Kf3 Be3 44. Nxe3 fxe3 45. Kxe3 Bg6 46. c3
Bf7 47. Bd1 Be6 48. c4 h4 49. Bf3 c5 50. Kf4 Ke7 51. Be4 h3 52. Kg3 Kf8 53. Kf4
Kg7 54. Kg3 Bd7 55. Kh2 Bg4 56. Bc6 Kg6 57. Kg3 Kg5 58. Bb5 Bd1 59. Kxh3 Kf5
60. e6 Kxe6 61. Kh4 Ke5 62. Kg5 Bxb3 63. Kg6 Kd4 64. Kf6 Bxc4 65. Bd7 Bd5 66.
Ke7 c4 67. Bg4 Kc5 68. Kd7 Be4 0-1

[Event "HEM A-Turnier"]
[Site "Marburg"]
[Date "2017.??.??"]
[Round "7.3"]
[White "Rolf, Marco"]
[Black "Ries, Jutta"]
[Result "1/2-1/2"]
[WhiteElo "2067"]
[BlackElo "1983"]
[PlyCount "106"]
[EventDate "2017.??.??"]

1. d4 Nf6 2. c4 c5 3. d5 b5 4. cxb5 a6 5. b6 d6 6. Nc3 Qxb6 7. e4 Nbd7 8. Nf3
g6 9. Be2 Bg7 10. Nd2 O-O 11. Nc4 Qc7 12. Bf4 Ne8 13. O-O Nb6 14. Ne3 Rb8 15.
Qc2 Qb7 16. a4 Nd7 17. Nc4 Qb3 18. Qd3 Ne5 19. Bxe5 Bxe5 20. Na5 Qb6 21. Nc6
Rb7 22. Qxa6 Qxb2 23. Rab1 Qxc3 24. Rxb7 Bxb7 25. Qxb7 Nf6 26. Bf3 Qc4 27. a5
Bxh2+ 28. Kxh2 Qxf1 29. Qxe7 Kg7 30. Qxd6 Qxf2 31. Qf4 Nxe4 32. Qxe4 Qd2 33.
Qe5+ f6 34. Qe7+ Rf7 35. Qxc5 Qf4+ 36. Kg1 Rb7 37. Qc2 Qh4 38. Kf1 Qh1+ 39. Ke2
Qa1 40. Kd3 Qf1+ 41. Kd4 Qg1+ 42. Ke4 Qa1 43. d6 Qa3 44. Kd5 Rd7 45. Qc5 Qb3+
46. Kd4 Qe6 47. Kc3 Rxd6 48. Nd4 Qe1+ 49. Kb3 Rxd4 50. Qxd4 Qxa5 51. Qd7+ Kh6
52. Qh3+ Kg7 53. Qd7+ Kh6 1/2-1/2